000
00275nam a22001217a 4500
008
180912b xxu||||| |||| 00| 0 eng d
041
_a
eng
080
_a
618
100
_a
10
101
_a
GYN
245
_a
Clinical Onstetrics And Gynecology
_c
Baker,D,A
942
_2
udc
_c
BK
999
_c
47702
_d
47702